Les 20 plus grandes villes de la Vienne sur une carte - Statistiques

Statistiques générales
  • Ce quiz a été pris 45 fois
  • Le résultat moyen est 10 sur 20
Réponses sur la Carte
Les réponses sont colorées sur une échelle allant du rouge au vert en fonction du pourcentage des utilisateurs qui les ont devinées à leur premier essai. Vous pouvez retrouver ces pourcentages ci-dessous.
 
Statistiques - réponses
Population Initiale Ville % Correct
89 916 P Poitiers
100%
31 003 C Châtellerault
84%
6 839 L Loudun
74%
5 821 M Montmorillon
68%
7 007 C Chauvigny
63%
4 743 C Chasseneuil-du-Poitou
61%
7 375 S Saint-Benoît
58%
10 289 B Buxerolles
55%
7 528 J Jaunay-Marigny
55%
6 285 M Migné-Auxances
47%
4 550 V Vivonne
45%
6 290 V Vouneuil-sous-Biard
45%
3 972 F Fontaine-le-Comte
37%
5 513 N Neuville-de-Poitou
37%
4 325 V Valence-en-Poitou
37%
5 964 N Naintré
34%
5 229 M Mignaloux-Beauvoir
32%
5 713 S Saint-Martin-la-Pallu
26%
3 723 M Montamisé
21%
4 385 S Saint-Georges-lès-Baillargeaux
18%
Aucun quiz correspondant
Distribution des résultats
% des personnes avec chaque résultat
Percentile par nombre de réponses
Votre historique - résultats
Vous n’avez pas pris ce quiz